Szczegóły MARC21

L'art de conjuguer : dictionnaire de douze mille verbes.

003 -Nazwa inst., której nr kontr. jest w polu 001 [,]
    • @
    • Nazwa instytucji, której n kontrolny jest w polu 001
    • NUKAT
005 -DATA I CZAS OSTATNIEJ MODYFIKACJI [,]
    • @
    • pole kontrolne
    • 20241231113939.0
020 -Międzynarod. znormalizowany nr książki - ISBN [ , ]
    • a
    • Numer ISBN
    • 2218048892 Find
040 -Instytucja sporządzająca opis [ , ]
    • a
    • Instytucja, która sporządziła opis (NP)
    • GD U/3Schu
    • c
    • Instytucja, która sporządziła rekord (NP)
    • GD U/3Schu
    • d
    • Instytucja, która zmodyfikowała rekord (P)
    • LUBL U/Mkos
942 -Rodzaj dokumentu [ , ]
    • c
    • Rodzaj dokumentu
    • Książka
245 -Strefa tytułu i oznaczenia odpowiedzialności [0,2]
    • a
    • Tytuł
    • L'art de conjuguer : Find
    • b
    • Ciąg dalszy tytułu (NP)
    • dictionnaire de douze mille verbes. Find
250 -Strefa wydania [ , ]
    • a
    • Oznaczenie wydania (NP)
    • Nouv. éd. entièrement remise a jour.
260 -Strefa adresu wydawniczego [ , ]
    • a
    • Miejsce wydania (P)
    • Paris :
    • b
    • Nazwa wydawcy (P)
    • Hatier,
    • c
    • Data wydania (P)
    • 1989.
300 -Strefa opisu fizycznego [ , ]
    • a
    • Określenie formy książki i/lub objętość (NP)
    • 157, [1] s. ;
    • c
    • Format (NP)
    • 20 cm.
336 -Typ zawartości [ , ]
    • a
    • Termin opisujący typ zawartości
    • Tekst
    • b
    • Kod określający zawartość
    • txt
    • 2
    • Źródło (terminu i kodu)
    • rdacontent
337 -Typ mediów [ , ]
    • a
    • Tryb odtwarzania
    • Bez urządzenia pośredniczącego
    • b
    • Kod typu mediów
    • n
    • 2
    • Źródło (terminu i kodu)
    • rdamedia
338 -Typ/rodzaj nośnika [ , ]
    • a
    • Hasło opisujące typ nośnika
    • Wolumin
    • b
    • Kod typu nośnika
    • nc
    • 2
    • Źródło (terminu i kodu)
    • rdacarrier
490 -Strefa serii i książki wielotomowej - forma nie do wyszukiwania [1, ]
    • a
    • Tytuł (P)
    • Le Nouveau Bescherelle ; Find
    • v
    • Numeracja (P)
    • 1
830 -Hasło dodatkowe serii i opisu książki wielotomowej - tytuł ujednolicony/tytuł [ ,0]
    • a
    • Tytuł ujednolicony/tytuł (NP)
    • Bescherelle
    • v
    • Oznaczenie tomu (NP)
    • 1
    • 9
    • KHW
    • 98337
080 -Uniwersalna Klasyfikacja Dziesiętna [ , ]
    • a
    • Symbol klasyfikacji
    • 811.133.1'373.7'374
    • 2
    • Identyfikator wydania tablic
    • UDC-P058
    • 9
    • UKD
    • 68123
    • b
    • Dopowiedzenie
    • Język francuski. - Słowniki frazeologiczne.
    • 4
    • UKD2
    • 7653
    • x
    • Poddział wspólny
    • =133.1
    • c
    • Dopowiedzenie poddz. wspólnego
    • =Język francuski.
080 -Uniwersalna Klasyfikacja Dziesiętna [ , ]
    • a
    • Symbol klasyfikacji
    • 811.133.1'374
    • 2
    • Identyfikator wydania tablic
    • UDC-P058
    • 9
    • UKD
    • 8081
    • b
    • Dopowiedzenie
    • Język francuski. - Słowniki języka francuskiego.
    • 4
    • UKD2
    • 7653
    • x
    • Poddział wspólny
    • =133.1
    • c
    • Dopowiedzenie poddz. wspólnego
    • =Język francuski.
650 -Hasło przedmiotowe [ ,7]
    • a
    • Hasło przedmiotowe
    • Język francuski
    • x
    • Określnik rzeczowy
    • czasowniki
    • v
    • Określnik formalny
    • słowniki.
    • 2
    • Źródło terminu
    • kaba
    • 9
    • KHW
    • 393067
980 -Symbol UKD [ , ]
    • a
    • UKD
    • 811.133.1'374+811.133.1'374]=133.1
920 -ISBN [ , ]
    • a
    • ISBN
    • 2-218-04889-2 Find
Sygnatura Lokalizacja Data inwentaryzacji Status udost. Numer inwentarzowy
W.180460BG1994-01-25-3W.180460
W.180460BG1994-01-25-3W.180461
W.180460BG1994-01-25-3W.180462
W.180460BG1994-01-25-3W.180463
W.180460BG1994-01-252W.180464
W.180460BG1994-01-252W.180465
W.180460BG1994-01-252W.180466
W.180460BG1994-01-252W.180467
W.180460BG1994-01-252W.180468
W.180460BG1994-01-252W.180469
W.180460BG1994-01-252W.180470
W.180460BG1994-01-252W.180471
W.180460BG1994-01-252W.180472
W.180460BG1994-01-252W.180473
W.180460BG1994-01-252W.180474
W.180460BG1994-01-252W.180475
 BM1994-01-252M.1861
FR. Gramatyka 16BM1994-01-251A.3392
 BM -3A.3395
 BM -3A.3396
 BM 2A.3393
 BM 2A.3394